| 000 | 00650aam a2200253 4500 | ||
|---|---|---|---|
| 005 | 20260217192634.0 | ||
| 008 | 150420b2002 xxu||||| |||| 00| 0 spa d | ||
| 041 | _aESP | ||
| 082 | _a001.42 B139me | ||
| 100 | _aBaena Paz, Guillermina | ||
| 245 | _aMetodología de la investigación | ||
| 260 | _aMexico | ||
| 260 | _bPublicaciones Cultural | ||
| 260 | _c2002 | ||
| 300 | _a184 páginas | ||
| 490 | _aTemática General | ||
| 650 | _aMÉTODOS DE INVESTIGACIÓN | ||
| 650 | _aMETODOLOGÍA | ||
| 650 | _aCONOCIMIENTO | ||
| 650 | _aMÉTODO CIENTÍFICO | ||
| 650 | _aTIPOS DE INVESTIGACIÓN | ||
| 650 | _aCIENCIAS | ||
| 942 |
_cBK _2ddc |
||
| 999 |
_c4836 _d4836 |
||